000 00638nam a22001575i 4500
001 159236
003 ES-MaACL
005 20230906211515.0
008 040909s1866 fr |||| | fre d
040 _aCAM
_bspa
_cCAM
100 1 _aMazade, Charles de.
_9129764
245 1 0 _aDeux femmes de la Révolution /
_cpar Charles de Mazade.
260 _aParis :
_bMichel Lévy Frères, libraires-éditeurs,
_c1866 (
_eClichy :
_fImp. Maurice Loignon et Cie.)
300 _aXII, 271 p. ;
_c18 cm.
852 _aES-MaACL
_jD-4915
_z-- Enc. hol.
_z-- Enc. al final de la obra, un catálogo del editor correspondiente al mes de abril de 1866 (35 p.)
999 _c159236
_d159236